UM Logo

Jose Rizal: (Record no. 6697)

MARC details
000 -LEADER
fixed length control field 00525nam a22001577a 4500
008 - FIXED-LENGTH DATA ELEMENTS--GENERAL INFORMATION
fixed length control field 170426b xxu||||| |||| 00| 0 eng d
020 ## - INTERNATIONAL STANDARD BOOK NUMBER
International Standard Book Number 9710852078
082 ## - DEWEY DECIMAL CLASSIFICATION NUMBER
Edition number 1992
Classification number DFil 920
Item number Z1
100 ## - MAIN ENTRY--PERSONAL NAME
9 (RLIN) 20286
Personal name Zaide, Gregorio F.
245 ## - TITLE STATEMENT
Title Jose Rizal:
Remainder of title life, works and writing/
Statement of responsibility, etc. Gregorio F. Zaide.
260 ## - PUBLICATION, DISTRIBUTION, ETC. (IMPRINT)
Place of publication, distribution, etc. Mandaluyong City:
Name of publisher, distributor, etc. National Bookstore,
Date of publication, distribution, etc. c1992.
300 ## - PHYSICAL DESCRIPTION
Extent viii, 318 p. ;
Dimensions 21 cm.
500 ## - GENERAL NOTE
General note Includes bibliographical references and index.
650 #0 - SUBJECT ADDED ENTRY--TOPICAL TERM
9 (RLIN) 20288
Topical term or geographic name as entry element Rizal, Jose, 1861-1896.
942 ## - ADDED ENTRY ELEMENTS (KOHA)
Source of classification or shelving scheme Dewey Decimal Classification
Koha item type Filipiniana
Holdings
Withdrawn status Lost status Source of classification or shelving scheme Damaged status Not for loan Collection code Home library Current library Shelving location Date acquired Source of acquisition Total Checkouts Full call number Barcode Date last seen Date last checked out Copy number Price effective from Koha item type
    Dewey Decimal Classification     Filipiniana UM Digos College - LIC UM Digos College - LIC Book Cart 10/03/2003 Purchased 16 DFil 920 Z1 1992 13229 05/15/2025 09/13/2023 6 04/26/2017 Filipiniana
    Dewey Decimal Classification     Filipiniana UM Digos College - LIC UM Digos College - LIC Book Cart 10/03/2003 Purchased 6 DFil 920 Z1 1992 13722 05/15/2025 09/19/2023 12 04/26/2017 Filipiniana
    Dewey Decimal Classification     Filipiniana UM Digos College - LIC UM Digos College - LIC Book Cart 10/03/2003 Purchased 11 DFil 920 Z1 1992 14690 05/15/2025 02/17/2020 12 04/26/2017 Filipiniana
    Dewey Decimal Classification     Filipiniana UM Digos College - LIC UM Digos College - LIC Book Cart 10/03/2003 Purchased 9 DFil 920 Z1 1992 14691 05/15/2025 09/27/2023 13 04/26/2017 Filipiniana
    Dewey Decimal Classification     Filipiniana UM Digos College - LIC UM Digos College - LIC Book Cart 10/03/2003 Purchased 13 DFil 920 Z1 1992 13232 05/15/2025 07/12/2019 9 04/26/2017 Filipiniana
    Dewey Decimal Classification     Filipiniana UM Digos College - LIC UM Digos College - LIC Book Cart 10/03/2003 Purchased 19 DFil 920 Z1 1992 13723 05/15/2025 09/21/2023 13 08/14/2017 Filipiniana